[Event "Chinese Championship"]
[Site "Xinghua Jiangsu CHN"]
[Date "2011.03.31"]
[EventDate "2011.03.30"]
[Round "2"]
[Result "1-0"]
[White "Zhao Jun"]
[Black "Bu Xiangzhi"]
[WhiteElo "2580"]
[BlackElo "2677"]
[PlyCount "211"]

1. d4 d5 2. c4 c6 3. Nf3 Nf6 4. e3 Bf5 5. Nc3 e6 6. Nh4 Bg6
7. Nxg6 hxg6 8. Be2 Nbd7 9. Bd2 dxc4 10. Bxc4 Bd6 11. Qc2 Qe7
12. Be2 e5 13. dxe5 Bxe5 14. O-O-O O-O-O 15. h3 Kb8 16. Kb1
Nc5 17. Rc1 Qd7 18. Rhd1 Nd3 19. Bxd3 Qxd3 20. Qxd3 Rxd3
21. Be1 Rxd1 22. Rxd1 Re8 23. Kc2 Kc7 24. Ne2 Nd5 25. Nc3 Nf6
26. Ne2 Nd5 27. Nc3 Bxc3 28. Bxc3 f6 29. Rd4 g5 30. h4 Re5
31. Bd2 Ne7 32. Rg4 gxh4 33. Rxg7 Kd6 34. Bc3 Rc5 35. Kd3 Nd5
36. Rxb7 Nxc3 37. bxc3 Ra5 38. Rb2 Ra4 39. f3 f5 40. Re2 Kd5
41. Rc2 Ke5 42. Rd2 Ke6 43. Ke2 Ra3 44. Rc2 Kd5 45. Kd3 Ra4
46. Re2 Kd6 47. Rb2 Ke6 48. Rb4 Rxa2 49. Rxh4 Rxg2 50. Rh6+
Kd5 51. Rh5 Ke6 52. Rh6+ Kd5 53. f4 Rg1 54. Rf6 Rd1+ 55. Ke2
Ra1 56. Kd3 Rd1+ 57. Ke2 Ra1 58. Rxf5+ Kc4 59. Re5 Ra2+
60. Kf3 Ra1 61. Ke2 Ra2+ 62. Kf3 Ra1 63. f5 Kxc3 64. Kg4 a5
65. f6 Rg1+ 66. Kh5 a4 67. f7 Rf1 68. Kg6 a3 69. Ra5 Kb2
70. e4 Rg1+ 71. Kh7 Rh1+ 72. Kg7 Rg1+ 73. Kf6 a2 74. e5 Rf1+
75. Kg7 Rg1+ 76. Kh6 Rh1+ 77. Kg5 Rg1+ 78. Kh4 Rf1 79. e6 a1=Q
80. Rxa1 Kxa1 81. e7 Rxf7 82. e8=Q Rf4+ 83. Kg5 Rc4 84. Qe2
Rc5+ 85. Kf4 Kb1 86. Ke4 Rc2 87. Qe1+ Kb2 88. Qb4+ Kc1 89. Kd3
c5 90. Qa3+ Kb1 91. Qb3+ Rb2 92. Qd1+ Ka2 93. Kc4 Rb8 94. Kc3
Rb2 95. Qd5+ Kb1 96. Qf5+ Ka2 97. Qxc5 Rb3+ 98. Kc4 Rb2
99. Qa5+ Kb1 100. Kc3 Rc2+ 101. Kd3 Rb2 102. Qa4 Rh2 103. Qg4
Ra2 104. Qd1+ Kb2 105. Qc2+ Ka3 106. Qc3+ 1-0

[Event "Chinese Championship"]
[Site "Xinghua Jiangsu CHN"]
[Date "2011.04.03"]
[EventDate "2011.03.30"]
[Round "5"]
[Result "1/2-1/2"]
[White "Bu Xiangzhi"]
[Black "Yifan Hou"]
[WhiteElo "2677"]
[BlackElo "2602"]
[PlyCount "97"]

1. Nf3 Nf6 2. c4 e6 3. Nc3 d5 4. d4 Bb4 5. cxd5 exd5 6. Qa4+
Nc6 7. Bg5 h6 8. Bxf6 Qxf6 9. e3 O-O 10. Be2 a6 11. a3 Bxc3+
12. bxc3 Be6 13. O-O Rfb8 14. Qb3 Na5 15. Qb4 b6 16. a4 Qd8
17. Rad1 c6 18. Ne5 Qc7 19. Qb1 b5 20. Qa2 Nc4 21. Nd3 Bf5
22. Nc5 Nd6 23. Ra1 Ne4 24. axb5 Nxc3 25. Qd2 Nxe2+ 26. Qxe2
axb5 27. Na6 Qa7 28. Nxb8 Qxa1 29. Nxc6 Qa3 30. Qd2 Bd3
31. Rc1 Bc4 32. h3 Ra6 33. Nb4 Rg6 34. Qc3 Qa7 35. Ra1 Qe7
36. Ra6 Rxa6 37. Nxa6 Qe4 38. Nb4 Qb1+ 39. Kh2 Qf1 40. Qd2 Qa1
41. f3 Qb1 42. Nc6 Kh7 43. Nb4 Kg8 44. Qc3 g6 45. Qd2 h5
46. h4 Kh7 47. Nc6 Kg7 48. Nb4 Kh7 49. Nc6 1/2-1/2

[Event "Chinese Championship"]
[Site "Xinghua Jiangsu CHN"]
[Date "2011.04.04"]
[EventDate "2011.03.30"]
[Round "6"]
[Result "1/2-1/2"]
[White "Li Chao"]
[Black "Bu Xiangzhi"]
[WhiteElo "2646"]
[BlackElo "2677"]
[PlyCount "66"]

1. d4 d5 2. c4 c6 3. Nf3 Nf6 4. Nc3 a6 5. e3 e6 6. Bd3 dxc4
7. Bxc4 c5 8. a4 Nc6 9. O-O Be7 10. Qe2 cxd4 11. Rd1 e5
12. exd4 exd4 13. Nxd4 Nxd4 14. Qe5 Qd6 15. Qxd4 Qxd4 16. Rxd4
Be6 17. Bxe6 fxe6 18. Bf4 Kf7 19. Rad1 Rhd8 20. Kf1 Rxd4
21. Rxd4 Rd8 22. Rc4 Rd7 23. Ke2 Bd8 24. Be5 Be7 25. f3 Nd5
26. Ne4 Nb6 27. Rd4 Rd5 28. f4 Nd7 29. Nc3 Rxd4 30. Bxd4 e5
31. fxe5 Ke6 32. Ke3 Nxe5 33. b3 g6 1/2-1/2

[Event "Chinese Championship"]
[Site "Xinghua Jiangsu CHN"]
[Date "2011.04.06"]
[EventDate "2011.03.30"]
[Round "7"]
[Result "0-1"]
[White "Bu Xiangzhi"]
[Black "Xiu Deshun"]
[WhiteElo "2677"]
[BlackElo "2508"]
[PlyCount "140"]

1. d4 d5 2. c4 e6 3. Nc3 Bb4 4. Nf3 Nf6 5. e3 c5 6. Bd3 O-O
7. O-O dxc4 8. Bxc4 b6 9. Qe2 Bb7 10. Rd1 cxd4 11. exd4 Bxc3
12. bxc3 Nbd7 13. Bd3 Qc7 14. c4 Rac8 15. Bb2 Qf4 16. Qe3 Nh5
17. Be2 Rfd8 18. a4 Qe4 19. Ra3 Qc2 20. Rd2 Qb1+ 21. Bf1 Nhf6
22. Qe2 Qf5 23. d5 Ne4 24. Nd4 Qg5 25. Nf3 Qf5 26. dxe6 Nxd2
27. exd7 Qxd7 28. Nxd2 Qxd2 29. Qe5 f6 30. Qe6+ Kh8 31. Bxf6
Qd7 32. Qxd7 Rxd7 33. Be5 Ba6 34. Be2 Rd2 35. Bf3 Bxc4 36. h4
Bd5 37. h5 h6 38. Bg4 Rc1+ 39. Kh2 Rxf2 40. Rg3 Rf7 41. Rd3
Rc5 42. Bd6 Rc4 43. Bd1 Be4 44. Rd2 Rc3 45. Re2 Rd3 46. Bc2
Rxd6 47. Rxe4 Rd8 48. Rc4 Rfd7 49. Rc3 Kg8 50. Bb3+ Kf8
51. Be6 Rd6 52. Bf5 Rd5 53. g4 Rc5 54. Rf3 Ke7 55. Kh3 Kf6
56. Kh4 Rd4 57. Rf2 Ke7 58. Re2+ Kd8 59. Kg3 Rc3+ 60. Kh4 Rf3
61. Bg6 Rff4 62. Re8+ Kd7 63. Rg8 Rxg4+ 64. Kh3 Rh4+ 65. Kg3
Rdg4+ 66. Kf3 Kd6 67. a5 Ra4 68. axb6 axb6 69. Rxg7 Ra3+
70. Kg2 Rb4 0-1

[Event "Chinese Championship"]
[Site "Xinghua Jiangsu CHN"]
[Date "2011.04.08"]
[EventDate "2011.03.30"]
[Round "9"]
[Result "1/2-1/2"]
[White "Bu Xiangzhi"]
[Black "Zhou Jianchao"]
[WhiteElo "2677"]
[BlackElo "2660"]
[PlyCount "106"]

1. d4 Nf6 2. c4 e6 3. Nc3 Bb4 4. e3 O-O 5. Bd3 d5 6. Nf3 c5
7. O-O Nc6 8. a3 Bxc3 9. bxc3 Na5 10. Nd2 Qc7 11. Qe2 b6
12. cxd5 exd5 13. f3 Re8 14. Bb2 Bd7 15. Rac1 b5 16. e4 Nc4
17. Rc2 dxe4 18. fxe4 Bg4 19. Nf3 Nd6 20. e5 c4 21. exd6 Qxd6
22. Bxh7+ Nxh7 23. Qf2 f6 24. Nh4 Ng5 25. Nf5 Qe6 26. Qf4 Bxf5
27. Qxf5 Qe3+ 28. Kh1 Qe4 29. Qxe4 Nxe4 30. Kg1 Kf7 31. a4 a6
32. Ba3 bxa4 33. Ra1 Reb8 34. Bc1 Rb3 35. Rxa4 Rxc3 36. Rxc4
Rxc2 37. Rxc2 Ke6 38. Rc7 g5 39. Kf1 Kd5 40. Rd7+ Kc4 41. Ke2
a5 42. Kf3 Nc3 43. Rc7+ Kd3 44. Bb2 Nb5 45. Rc5 Nxd4+ 46. Kg4
f5+ 47. Kh5 Rh8+ 48. Kg6 Rxh2 49. Bxd4 Kxd4 50. Rxa5 g4 51. g3
Rh3 52. Rxf5 Rxg3 53. Rf4+ Ke3 1/2-1/2

[Event "Chinese Championship"]
[Site "Xinghua Jiangsu CHN"]
[Date "2011.04.09"]
[EventDate "2011.03.30"]
[Round "10"]
[Result "0-1"]
[White "Zhang Ziyang"]
[Black "Bu Xiangzhi"]
[WhiteElo "2442"]
[BlackElo "2677"]
[PlyCount "74"]

1. d4 Nf6 2. Nf3 e6 3. c4 c5 4. d5 exd5 5. cxd5 d6 6. Nc3 g6
7. Bf4 Bg7 8. h3 O-O 9. e3 Na6 10. Be2 Nc7 11. O-O Re8 12. Bg3
Bf5 13. Nd2 Ne4 14. Ndxe4 Bxe4 15. Bd3 Bxc3 16. bxc3 Nxd5
17. Qd2 Nf6 18. Bh4 Qe7 19. Rfd1 Bc6 20. Rab1 Qe6 21. Bxf6
Qxf6 22. Bb5 d5 23. Bxc6 bxc6 24. Rb7 Re7 25. Rdb1 Rae8 26. a4
Rxb7 27. Rxb7 Re7 28. Rb8+ Kg7 29. a5 Re4 30. Rb7 Rc4 31. Rxa7
Rxc3 32. Rb7 Ra3 33. Qb2 Ra1+ 34. Kh2 Rxa5 35. Qxf6+ Kxf6
36. Rb6 Ke5 37. Rxc6 Ke4 0-1

[Event "World Cup"]
[Site "Khanty-Mansiysk RUS"]
[Date "2011.09.03"]
[EventDate "2011.08.28"]
[Round "3.1"]
[Result "1/2-1/2"]
[White "Abhijeet Gupta"]
[Black "Bu Xiangzhi"]
[WhiteElo "2627"]
[BlackElo "2675"]
[PlyCount "96"]

1. d4 d5 2. c4 c6 3. Nf3 Nf6 4. Nc3 dxc4 5. a4 Bf5 6. Nh4 e6
7. Nxf5 exf5 8. e3 Bb4 9. Bxc4 O-O 10. Qc2 g6 11. O-O Nbd7
12. Rd1 a5 13. f3 Nb6 14. Bb3 Re8 15. Qf2 Nbd5 16. Bd2 Qb6
17. Bc4 Rad8 18. Re1 Bf8 19. Kh1 f4 20. e4 Ne3 21. Rxe3 Qxd4
22. Re2 Qxc4 23. Bxf4 Rd3 24. Rd2 Rxd2 25. Qxd2 Qe6 26. Rd1
Re7 27. Qd6 Rd7 28. Qxe6 fxe6 29. Rc1 Rd3 30. Kg1 Nh5 31. Be5
Bg7 32. Bc7 Rd2 33. g4 Bd4+ 34. Kf1 Ng7 35. Nd1 e5 36. Bxa5
Rxh2 37. Bc3 Ne6 38. Bxd4 Nxd4 39. Nf2 Nxf3 40. a5 Nd2+
41. Kg1 Nf3+ 42. Kf1 Nd4 43. Rc5 Kf7 44. Rxe5 Nf3 45. a6 bxa6
46. Ra5 h5 47. Rxa6 hxg4 48. Nxg4 Rxb2 1/2-1/2

[Event "World Cup"]
[Site "Khanty-Mansiysk RUS"]
[Date "2011.09.04"]
[EventDate "2011.08.28"]
[Round "3.2"]
[Result "1-0"]
[White "Bu Xiangzhi"]
[Black "Abhijeet Gupta"]
[WhiteElo "2675"]
[BlackElo "2627"]
[PlyCount "121"]

1. Nf3 Nf6 2. c4 g6 3. Nc3 d5 4. cxd5 Nxd5 5. Qb3 Nb6 6. d4
Bg7 7. Bf4 Be6 8. Qa3 Nc6 9. e3 O-O 10. Be2 a5 11. O-O Nb4
12. Rfc1 c6 13. Ne4 Bf5 14. Nc5 Ra7 15. Qb3 Qd5 16. Qd1 Nxa2
17. Rxa2 Qxa2 18. e4 Bxe4 19. Nxe4 Nd5 20. Qc2 b5 21. Bd2 Nb4
22. Bxb4 axb4 23. Nc5 Qd5 24. Nb3 Ra2 25. Rd1 Rfa8 26. h3 Bh6
27. Ne5 R8a3 28. Rd3 Qe4 29. Kf1 Bf4 30. f3 Qd5 31. Nxc6 Qc4
32. Nxb4 Ra1+ 33. Nxa1 Rxa1+ 34. Rd1 Rxd1+ 35. Qxd1 Qxb4
36. Qc2 Bg3 37. Qc3 Qa4 38. Qd2 h5 39. Bd1 Qc4+ 40. Be2 Qd5
41. Qc3 Qg5 42. b4 h4 43. Bd1 e6 44. Bb3 Bd6 45. d5 exd5
46. Qd4 Qe7 47. Bxd5 Bg3 48. Qd2 Qe5 49. Bb3 Kg7 50. Ba2 f6
51. Bb3 Bf4 52. Qe1 Qd6 53. Qe4 Kh6 54. Bc2 f5 55. Qe1 Kh5
56. Qc3 Bd2 57. Qh8+ Kg5 58. g3 hxg3 59. Kg2 Qxb4 60. Qd8+ Kh5
61. f4 1-0

[Event "Chinese League"]
[Site "Beijing CHN"]
[Date "2012.04.29"]
[EventDate "2012.04.28"]
[Round "2"]
[Result "1-0"]
[White "Bu Xiangzhi"]
[Black "Fan Chen"]
[WhiteElo "2668"]
[BlackElo "2375"]
[PlyCount "105"]

1. c4 g6 2. d4 Nf6 3. g3 Bg7 4. Bg2 O-O 5. Nc3 d6 6. Nf3 Nbd7
7. O-O e5 8. e4 c6 9. b3 Re8 10. h3 exd4 11. Nxd4 Nc5 12. Re1
Nfd7 13. Be3 a5 14. Qc2 h5 15. Rad1 Qe7 16. f4 Qf8 17. Bf2 Na6
18. a3 Ndc5 19. Rd2 Bd7 20. Rb1 Rad8 21. b4 axb4 22. axb4 Ne6
23. Nf3 Qe7 24. Na4 c5 25. b5 Nb4 26. Qb3 Bc8 27. Nb6 Qc7
28. Nd5 Nxd5 29. cxd5 Nf8 30. b6 Qe7 31. Re1 Bd7 32. e5 Rc8
33. Qc4 Nh7 34. Ra2 Bf8 35. Ra7 Rb8 36. Kh2 Qd8 37. Qb3 Bc8
38. Nd2 h4 39. Nc4 hxg3+ 40. Bxg3 Bf5 41. Na5 Qc8 42. e6 Kh8
43. exf7 Rxe1 44. Bxe1 Qd7 45. Bc3+ Bg7 46. Qb2 Qxf7 47. Bxg7+
Qxg7 48. Qxg7+ Kxg7 49. Nc6 Re8 50. Rxb7+ Kh6 51. Re7 Rxe7
52. Nxe7 Nf6 53. Ng8+ 1-0

[Event "Chinese League"]
[Site "Beijing CHN"]
[Date "2012.05.01"]
[EventDate "2012.04.28"]
[Round "4"]
[Result "1-0"]
[White "Bu Xiangzhi"]
[Black "Chang Liu"]
[WhiteElo "2668"]
[BlackElo "2262"]
[PlyCount "91"]

1. Nf3 Nf6 2. b3 e6 3. Bb2 d5 4. c4 c6 5. g3 Nbd7 6. Bg2 Be7
7. O-O O-O 8. d4 b6 9. Nbd2 Bb7 10. Qc2 Rc8 11. e4 Nxe4
12. Nxe4 dxe4 13. Qxe4 Qc7 14. Qe2 Rfe8 15. Rad1 Rcd8 16. Rfe1
Qc8 17. Rd3 Bf6 18. Nd2 c5 19. Bxb7 Qxb7 20. Ne4 Be7 21. dxc5
Nxc5 22. Qg4 g6 23. Rxd8 Rxd8 24. Nf6+ Bxf6 25. Bxf6 Rd3
26. Rd1 Qd7 27. Rxd3 Qxd3 28. Qd4 Qxd4 29. Bxd4 Nd7 30. Kf1 e5
31. Be3 f5 32. Ke2 Kf7 33. Kd3 Ke6 34. b4 Kd6 35. Kc3 a6
36. Bxb6 Nxb6 37. c5+ Kc6 38. cxb6 Kxb6 39. Kc4 Kc6 40. a4 Kd6
41. f3 h5 42. h4 g5 43. hxg5 f4 44. Kd3 fxg3 45. Ke2 h4 46. g6
1-0

[Event "Chinese League"]
[Site "Taizhou CHN"]
[Date "2012.06.27"]
[EventDate "2012.04.28"]
[Round "5"]
[Result "0-1"]
[White "Yifan Hou"]
[Black "Bu Xiangzhi"]
[WhiteElo "2639"]
[BlackElo "2668"]
[PlyCount "54"]

1. e4 e5 2. Nc3 Nf6 3. g3 d5 4. exd5 Nxd5 5. Bg2 Ne7 6. Nge2
Nbc6 7. d3 g6 8. h4 h6 9. Be3 Bg7 10. Qd2 Bg4 11. f3 Be6
12. f4 Qd7 13. O-O-O Bg4 14. fxe5 Nxe5 15. Bf4 O-O-O 16. Bxe5
Bxe5 17. Qe3 Bxc3 18. Nxc3 Bxd1 19. Qxa7 c6 20. Na4 Qd6
21. Rxd1 Qxg3 22. Nc5 Qb8 23. Qa4 Nd5 24. Qg4+ f5 25. Qxg6 Qe5
26. d4 Nf4 27. dxe5 Ne2+ 0-1

[Event "Chess Olympiad"]
[Site "Istanbul TUR"]
[Date "2012.08.30"]
[EventDate "2012.08.28"]
[Round "3.10"]
[Result "0-1"]
[White "Mihail Marin"]
[Black "Bu Xiangzhi"]
[WhiteElo "2548"]
[BlackElo "2670"]
[PlyCount "68"]

1. d4 Nf6 2. Nf3 e6 3. e3 c5 4. Bd3 b6 5. O-O Bb7 6. c4 d5
7. b3 Nbd7 8. Bb2 Be7 9. Nc3 O-O 10. Rc1 Rc8 11. cxd5 Nxd5
12. Nxd5 Bxd5 13. Qe2 Bb7 14. Rfd1 cxd4 15. Nxd4 Rxc1 16. Rxc1
Nc5 17. Bb5 Qd5 18. f3 a6 19. Bc4 Qd7 20. Qf2 Rd8 21. Qg3 Bf6
22. Qe1 e5 23. Ne2 Bg5 24. f4 Qc6 25. Qf1 exf4 26. exf4 Be7
27. b4 b5 28. Bb3 Rd2 29. Rc2 Rd1 30. Nd4 Rxf1+ 31. Kxf1 Qg6
32. bxc5 Be4 33. Rd2 Bxc5 34. f5 Qg5 0-1

[Event "Chess Olympiad"]
[Site "Istanbul TUR"]
[Date "2012.09.05"]
[EventDate "2012.08.28"]
[Round "8.2"]
[Result "1/2-1/2"]
[White "Gadir Guseinov"]
[Black "Bu Xiangzhi"]
[WhiteElo "2613"]
[BlackElo "2670"]
[PlyCount "56"]

1. e4 e5 2. Nf3 Nf6 3. d4 Nxe4 4. Bd3 d5 5. dxe5 Nc5 6. Be2
Be7 7. O-O O-O 8. Be3 c6 9. c4 dxc4 10. Bxc4 Qxd1 11. Rxd1 Bg4
12. Bxc5 Bxc5 13. Nc3 Be7 14. Ne4 b5 15. Bb3 a5 16. a3 Ra7
17. Rac1 a4 18. Ba2 Nd7 19. e6 fxe6 20. Rxc6 Ne5 21. Nxe5 Bxd1
22. Bxe6+ Kh8 23. Nf7+ Kg8 24. Ne5+ Kh8 25. Nf7+ Kg8 26. Ne5+
Kh8 27. Nf7+ Kg8 28. Ne5+ Kh8 1/2-1/2

[Event "Chess Olympiad"]
[Site "Istanbul TUR"]
[Date "2012.09.06"]
[EventDate "2012.08.28"]
[Round "9.2"]
[Result "0-1"]
[White "Eugenio Torre"]
[Black "Bu Xiangzhi"]
[WhiteElo "2469"]
[BlackElo "2670"]
[PlyCount "100"]

1. d4 g6 2. e4 Bg7 3. c3 d6 4. Bg5 h6 5. Bh4 Nf6 6. Nd2 O-O
7. Ngf3 c5 8. d5 e6 9. dxe6 Bxe6 10. Bc4 Bxc4 11. Bxf6 Qxf6
12. Nxc4 Qe6 13. Qd5 Qxd5 14. exd5 Re8+ 15. Kd2 Bf8 16. Rhe1
Nd7 17. Rxe8 Rxe8 18. Re1 Rb8 19. a4 Nf6 20. Ne3 h5 21. Kc2
Re8 22. h3 b6 23. c4 Bg7 24. Nd1 Rxe1 25. Nxe1 Ne4 26. Kd3 f5
27. g4 Kf7 28. b3 Bd4 29. gxh5 gxh5 30. f3 Ng5 31. h4 Nh3
32. Ng2 a6 33. Nde3 Kf6 34. Nf1 Be5 35. Ke3 Bd4+ 36. Kd3 Be5
37. Ke3 f4+ 38. Kd3 Kf5 39. Nd2 Ng1 40. Ne1 Bf6 41. Ng2 a5
42. Kc2 Ne2 43. Kd1 Nd4 44. Ke1 Ke5 45. Kf2 Nf5 46. Ne4 Bxh4+
47. Ke2 Nd4+ 48. Kd3 Nxf3 49. Nxh4 Nxh4 50. Ng5 Nf5 0-1

[Event "Hainan Danzhou GM"]
[Site "Danzhou CHN"]
[Date "2013.05.27"]
[EventDate "2013.05.20"]
[Round "7.4"]
[Result "1/2-1/2"]
[White "Bu Xiangzhi"]
[Black "Yu Yangyi"]
[WhiteElo "2662"]
[BlackElo "2675"]
[PlyCount "148"]

1. c4 Nf6 2. Nc3 e5 3. Nf3 Nc6 4. g3 Bb4 5. Bg2 O-O 6. O-O e4
7. Ne1 Bxc3 8. dxc3 d6 9. Nc2 Bf5 10. Bg5 h6 11. Bxf6 Qxf6
12. Ne3 Bh7 13. f4 exf3 14. exf3 Rae8 15. Qd2 Ne7 16. f4 Nf5
17. Rfe1 c6 18. Rad1 Qd8 19. Qf2 Qb6 20. Nxf5 Bxf5 21. Rxe8
Rxe8 22. Bf1 Qa5 23. a3 Re6 24. h3 Be4 25. Rd2 a6 26. Kh2 Qc7
27. c5 d5 28. c4 a5 29. cxd5 Bxd5 30. Re2 Qe7 31. Rxe6 Qxe6
32. Qe2 Qf5 33. b4 axb4 34. axb4 Qb1 35. g4 Qxb4 36. Qe8+ Kh7
37. Bd3+ g6 38. Qe3 Qb2+ 39. Kg3 Kg7 40. g5 Qg2+ 41. Kh4 Kh7
42. Bb1 Qb2 43. Bd3 hxg5+ 44. fxg5 Qb3 45. Qd4 Kg8 46. Be2 Qb1
47. Qf2 Qb2 48. Qe3 Qa1 49. Bg4 Kf8 50. Kg3 Qb2 51. Be2 Be6
52. h4 Qb1 53. Bf3 Qf5 54. Qd4 Kg8 55. Bg4 Qxg4+ 56. Qxg4 Bxg4
57. Kxg4 Kf8 58. h5 gxh5+ 59. Kxh5 Ke7 60. Kg4 Ke6 61. Kf4 Kd5
62. Kf5 Kxc5 63. Kf6 b5 64. Kxf7 b4 65. g6 b3 66. g7 b2
67. g8=Q b1=Q 68. Qg5+ Kb6 69. Qd8+ Ka7 70. Qd4+ Ka6 71. Ke7
Kb5 72. Qe5+ Ka4 73. Qc5 Qb5 74. Kd6 Qxc5+ 1/2-1/2

[Event "Hainan Danzhou GM"]
[Site "Danzhou CHN"]
[Date "2013.05.28"]
[EventDate "2013.05.20"]
[Round "8.3"]
[Result "1/2-1/2"]
[White "Xiu Deshun"]
[Black "Bu Xiangzhi"]
[WhiteElo "2534"]
[BlackElo "2662"]
[PlyCount "69"]

1. d4 d5 2. Nf3 Nf6 3. c4 c6 4. cxd5 cxd5 5. Nc3 Nc6 6. Bf4
Bf5 7. e3 e6 8. Qb3 Bb4 9. Bb5 O-O 10. Bxc6 Bxc3+ 11. Qxc3 Rc8
12. Ne5 Ng4 13. Nxg4 Bxg4 14. Qa3 Rxc6 15. Qxa7 Rc2 16. O-O
Be2 17. Rfc1 Rxb2 18. Rab1 Rxb1 19. Rxb1 b5 20. a4 Qa8
21. Qxa8 Rxa8 22. axb5 Bxb5 23. g3 Bd3 24. Rb8+ Rxb8 25. Bxb8
g5 26. f3 f5 27. h3 h5 28. Kh2 g4 29. fxg4 fxg4 30. hxg4 hxg4
31. Kh1 Be4+ 32. Kh2 Bd3 33. Kh1 Be4+ 34. Kh2 Bd3 35. Kh1
1/2-1/2

[Event "Hainan Danzhou GM"]
[Site "Danzhou CHN"]
[Date "2013.05.29"]
[EventDate "2013.05.20"]
[Round "9.3"]
[Result "1-0"]
[White "Bu Xiangzhi"]
[Black "Lu Shanglei"]
[WhiteElo "2662"]
[BlackElo "2551"]
[PlyCount "49"]

1. d4 f5 2. g3 Nf6 3. Bg2 g6 4. Nf3 Bg7 5. O-O O-O 6. c4 d6
7. Nc3 Qe8 8. d5 Na6 9. Rb1 Nc5 10. Nd4 a5 11. b3 h6 12. Bb2
g5 13. Ncb5 Na6 14. e3 Bd7 15. Ne6 Bxe6 16. dxe6 c6 17. Nd4
Nc5 18. Nxf5 Nxe6 19. e4 Qf7 20. Qe2 Rfe8 21. f4 gxf4 22. gxf4
Qh5 23. Bf3 Qg6+ 24. Kh1 Nxf4 25. Qe3 1-0

[Event "Biel (Masters)"]
[Site "Biel SUI"]
[Date "2013.08.01"]
[EventDate "2013.07.22"]
[Round "10.3"]
[Result "1/2-1/2"]
[White "Dragan Solak"]
[Black "Bu Xiangzhi"]
[WhiteElo "2598"]
[BlackElo "2664"]
[PlyCount "47"]

1. e4 g6 2. d4 Bg7 3. Nf3 d6 4. Nc3 Nf6 5. Be2 O-O 6. O-O c6
7. Re1 Qc7 8. Bf4 Nh5 9. Bg5 h6 10. Be3 Nf6 11. h3 e5 12. a4
Nbd7 13. dxe5 dxe5 14. a5 Nh5 15. Nd2 Nf4 16. Nc4 Ne6 17. Na4
Nf6 18. f3 Rd8 19. Qc1 Nd4 20. Bd1 Be6 21. Nd2 Bd7 22. Nc4 Be6
23. Nd2 Bd7 24. Nc4 1/2-1/2

[Event "Biel (Masters)"]
[Site "Biel SUI"]
[Date "2013.08.02"]
[EventDate "2013.07.22"]
[Round "11.3"]
[Result "1-0"]
[White "Bu Xiangzhi"]
[Black "Boris Grachev"]
[WhiteElo "2664"]
[BlackElo "2683"]
[PlyCount "141"]

1. c4 e6 2. Nf3 d5 3. d4 Nf6 4. Bg5 Be7 5. Nc3 Nbd7 6. e3 O-O
7. Qc2 h6 8. Bh4 c6 9. Be2 b6 10. O-O Bb7 11. Rfd1 Rc8
12. Rac1 a6 13. b3 c5 14. cxd5 Nxd5 15. Bxe7 Qxe7 16. Nxd5
exd5 17. Qf5 Nf6 18. dxc5 bxc5 19. Qe5 Qd8 20. Rc2 Qb6 21. Qf4
Rfe8 22. Ne5 Re7 23. Bf3 Rce8 24. Nd3 Ne4 25. Bxe4 Rxe4
26. Qg3 c4 27. Nf4 cxb3 28. axb3 R4e5 29. h4 Qxb3 30. Rcc1 Qb5
31. Rb1 Qd7 32. Rb6 Kh7 33. Nd3 R5e7 34. Nc5 Qc8 35. Nxb7 Rxb7
36. Rxa6 Rd7 37. Rd6 Rxd6 38. Qxd6 Rd8 39. Qb6 Qd7 40. Rd4 Qe7
41. g3 Rd7 42. Qb5 Qe6 43. Kg2 Rd6 44. Qc5 Rd7 45. Qc2+ Kg8
46. e4 Rd6 47. Qd2 h5 48. Kh2 g6 49. Rxd5 Rxd5 50. exd5 Qd6
51. Qd4 Kf8 52. Kg2 Ke7 53. Kf3 Kd8 54. Ke4 Kd7 55. Qc3 f6
56. Qd4 Qa6 57. Qd3 Qa1 58. Kf3 Qe5 59. Qxg6 Qxd5+ 60. Qe4 Qc5
61. Qd3+ Kc7 62. Qe3 Qd5+ 63. Qe4 Qd1+ 64. Kg2 Qd8 65. Qh7+
Kc6 66. Qxh5 Qd4 67. Qf5 Kd6 68. Qf4+ Qxf4 69. gxf4 Ke6
70. Kf3 f5 71. Ke3 1-0

[Event "Hainan Danzhou GM"]
[Site "Danzhou CHN"]
[Date "2014.06.25"]
[EventDate "2014.06.25"]
[Round "1"]
[Result "1-0"]
[White "Bu Xiangzhi"]
[Black "Qun Ma"]
[WhiteElo "2693"]
[BlackElo "2609"]
[PlyCount "117"]

1. Nf3 d5 2. d4 c6 3. c4 Nf6 4. Nc3 dxc4 5. a4 Bf5 6. Ne5 Nbd7
7. Nxc4 Nb6 8. Ne3 Bg6 9. a5 Nbd5 10. g3 e6 11. Bg2 Bb4
12. Nexd5 Nxd5 13. Bd2 Nxc3 14. Bxc3 Bxc3+ 15. bxc3 Qc7
16. O-O O-O 17. Qb3 Rab8 18. Rfd1 Rfc8 19. Rd2 b6 20. axb6
axb6 21. Ra6 c5 22. d5 exd5 23. Rxd5 b5 24. h4 Qe7 25. Qd1 b4
26. h5 Be4 27. Rd7 Qe8 28. cxb4 Bxg2 29. Kxg2 Rd8 30. Rxd8
Rxd8 31. Rd6 Rxd6 32. Qxd6 cxb4 33. Qxb4 h6 34. Qc4 Kh8
35. Kf3 f6 36. Qd5 Qc8 37. Kf4 Qb8+ 38. Kf3 Qc8 39. e3 Qb8
40. Qc6 Qd8 41. Kg4 Qd1+ 42. f3 Qd8 43. e4 Qb8 44. f4 Qd8
45. Kf5 Qd3 46. g4 Kh7 47. Ke6 Qf3 48. Kf5 Qd3 49. Qd5 Qc3
50. Qb7 Qf3 51. Qb1 Qc3 52. e5 Qc8+ 53. e6 Qc4 54. g5 hxg5
55. fxg5 Qc7 56. Qe4 Qa5+ 57. Kg4+ Kh8 58. e7 f5+ 59. Kh4 1-0

[Event "Hainan Danzhou GM"]
[Site "Danzhou CHN"]
[Date "2014.06.26"]
[EventDate "2014.06.25"]
[Round "2.4"]
[Result "0-1"]
[White "Xiu Deshun"]
[Black "Bu Xiangzhi"]
[WhiteElo "2550"]
[BlackElo "2693"]
[PlyCount "78"]

1. d4 d5 2. c4 c6 3. Nc3 Nf6 4. e3 g6 5. Nf3 Bg7 6. Be2 O-O
7. O-O Be6 8. b3 Ne4 9. Nxe4 dxe4 10. Ng5 Bf5 11. g4 e5 12. h4
exd4 13. gxf5 d3 14. Bxd3 Bxa1 15. Ba3 Re8 16. Qxa1 exd3
17. Qc3 Nd7 18. Bb2 f6 19. Ne6 Qe7 20. Qxd3 Ne5 21. Qe2 gxf5
22. Nd4 Kh8 23. Nxf5 Qe6 24. e4 Rad8 25. Rd1 Rg8+ 26. Kf1
Rxd1+ 27. Qxd1 Nxc4 28. Bxf6+ Qxf6 29. bxc4 Qc3 30. Qb3 Qd2
31. Qb1 Rg4 32. h5 Kg8 33. Qb3 Qc1+ 34. Ke2 Rxe4+ 35. Ne3 Re7
36. c5+ Kf8 37. Qb4 Qc2+ 38. Kf1 Qe4 39. Qe1 Qh1+ 0-1

[Event "Hainan Danzhou GM"]
[Site "Danzhou CHN"]
[Date "2014.07.02"]
[EventDate "2014.06.25"]
[Round "7"]
[Result "1/2-1/2"]
[White "Ruslan Ponomariov"]
[Black "Bu Xiangzhi"]
[WhiteElo "2723"]
[BlackElo "2693"]
[PlyCount "155"]

1. e4 e5 2. Nf3 Nf6 3. Nxe5 d6 4. Nf3 Nxe4 5. Nc3 Nxc3 6. dxc3
Be7 7. Be3 Nc6 8. Qd2 Be6 9. O-O-O Qd7 10. Kb1 Bf6 11. h4 h6
12. Be2 O-O-O 13. Nd4 Bxd4 14. Bxd4 f6 15. Be3 Rhe8 16. Rhe1
Re7 17. Bf1 a6 18. b3 h5 19. f3 Rde8 20. Kb2 Bf5 21. Bf2 Rxe1
22. Bxe1 Bg6 23. Bf2 Re7 24. c4 Qf5 25. Qc3 Qe5 26. c5 dxc5
27. Bxc5 Qxc3+ 28. Kxc3 Re8 29. a4 Ne7 30. g4 hxg4 31. fxg4
Bf7 32. g5 Nd5+ 33. Kb2 Nf4 34. gxf6 gxf6 35. a5 f5 36. Bf2
Bh5 37. Rd4 Ne6 38. Rd5 Bg4 39. Bc4 Nf4 40. Rd4 Ne6 41. Rd2
Nf4 42. Bc5 Nh5 43. b4 f4 44. Rd5 Ng3 45. Rg5 Be6 46. Bd3 Rh8
47. Be7 Re8 48. Bf6 Rf8 49. Bd4 Bf5 50. Bc4 Kd8 51. Be5 Ne4
52. Rg7 Bd7 53. h5 Rf5 54. Rg8+ Ke7 55. Bxc7 Rxh5 56. Rg7+ Ke8
57. Bxf4 Rh4 58. Be5 Nd6 59. Bxd6 Rxc4 60. Kb3 Rd4 61. Bc5 Rg4
62. Re7+ Kd8 63. Re5 Bb5 64. Bb6+ Kd7 65. Rd5+ Ke6 66. Rd8
Bc4+ 67. Kc3 Bd5 68. Bc5 Be4 69. Rd6+ Ke5 70. Rd2 Rg2 71. Rxg2
Bxg2 72. Ba7 Kd5 73. Kb3 Bf1 74. Bb6 Bc4+ 75. Kc3 Bb5 76. Kb3
Bc4+ 77. Kc3 Bb5 78. Kb3 1/2-1/2

[Event "Hainan Danzhou GM"]
[Site "Danzhou CHN"]
[Date "2014.07.03"]
[EventDate "2014.06.25"]
[Round "8"]
[Result "1-0"]
[White "Bu Xiangzhi"]
[Black "Zhou Weiqi"]
[WhiteElo "2693"]
[BlackElo "2601"]
[PlyCount "85"]

1. Nf3 d5 2. d4 c6 3. c4 Nf6 4. e3 Bf5 5. Nc3 e6 6. Nh4 Bg6
7. Be2 Nbd7 8. O-O Be7 9. g3 O-O 10. Nxg6 hxg6 11. b3 a6
12. a4 Bb4 13. Bb2 Qe7 14. Bf3 Rfe8 15. Bg2 Rac8 16. Qe2 Ba5
17. Rfd1 Bb4 18. h3 Ba5 19. Rac1 Bb4 20. Rc2 Ba5 21. g4 g5
22. f4 Nh7 23. fxg5 Qxg5 24. e4 Qh4 25. Qf2 Qxf2+ 26. Kxf2
dxe4 27. Nxe4 Bc7 28. Ba3 Nhf6 29. Nd6 Bxd6 30. Bxd6 e5 31. c5
exd4 32. Rxd4 Ne5 33. Re2 Nfd7 34. Be4 g6 35. Rb4 Re6 36. Rxb7
Rce8 37. Kg3 Nf6 38. Bg2 Nd3 39. Rxe6 Rxe6 40. Re7 Rxe7
41. Bxe7 Nd7 42. Bxc6 N7xc5 43. Bd5 1-0

[Event "Hainan Danzhou GM"]
[Site "Danzhou CHN"]
[Date "2014.07.03"]
[EventDate "2014.06.25"]
[Round "8"]
[Result "1/2-1/2"]
[White "Yu Yangyi"]
[Black "Bu Xiangzhi"]
[WhiteElo "2675"]
[BlackElo "2693"]
[PlyCount "45"]

1. e4 e5 2. Nf3 Nf6 3. Nxe5 d6 4. Nf3 Nxe4 5. Nc3 Nxc3 6. dxc3
Be7 7. Be3 Nc6 8. Qd2 Be6 9. O-O-O Qd7 10. Kb1 Bf6 11. Bg5
Bxg5 12. Nxg5 O-O-O 13. Nxe6 Qxe6 14. Bb5 Rde8 15. Rhe1 Qf5
16. Bxc6 bxc6 17. Re3 Rxe3 18. Qxe3 Kd7 19. Re1 Qe6 20. Qc1
Qg4 21. Qe3 Qe6 22. Qc1 Qg4 23. Qe3 1/2-1/2